000 00455nam a2200145 a 4500
001 000037049
005 20200930080116.0
008 120209s1969 ag 000 0 spa d
040 _aDO-SdBNP
_bspa
_cBNPHU
082 _axxxx
_bF699s
100 1 _aFord, LeRoy
_942199
245 1 0 _aSugerencias para ayudas visuales. /
_cLeRoy Ford; traducción Viola D. Campbell.
260 _aArgentina :
_bCasa Bautista de Publicaciones,
_c1969.
300 _a72 p. ;
_c18 cm.
999 _c36539
_d36539